000 00696nam a2200229Ia 4500
003 OSt
005 20260402092353.0
008 210210b1970 xxu||||| |||| 00| 0 eng d
040 _cAL
041 _aHindi
082 _aH891.9 SHAR
100 _aSHARM (Raghuraja Sharan).
_d शर्म (रघुराज शरण)
_9260059
245 _aRamcharitmanas ki chatusshati.
_bरामचरितमानस की चतुष्टशती
260 _aPatna
_bVishv Bharati Prakashan
_c1970
300 _a44
650 _aRamcharitmanas
_9260060
650 _aki
_9260061
650 _achatusshati.
_9260062
690 _aHindi Criticism
_9260063
906 _a029982
942 _2ddc
_cBK
999 _c81179
_d81179